000 01455nam a2200349 a 4500
001 11320
003 CUTN
005 20130410145151.0
008 970722s1998 riua b 100 0 eng
010 _a97030207
020 _a9780821848616
035 _a(MNU)notisARL7172
035 _a(CStRLIN)MNUGARL7172-B
_z(CStRLIN)NYCXAQA7224-B
040 _aDLC
_cDLC
_dNIC
_dMnU
050 0 0 _aQA241
_b.N8678 1997
082 0 0 _a512/.7
_221
245 0 0 _aNumber theory :
_bRamanujan Mathematical Society, January 3-6, 1996, Tiruchirapalli, India /
_cV. Kumar Murty, Michel Waldschmidt, editors.
260 _aProvidence :
_bAmerican Mathematical Society,
_cc1998.
300 _avii, 399 p. :
_bill. ;
_c25 cm.
490 1 _aContemporary mathematics ;
_vv. 210
500 _aInternational conference on Discrete Mathematics and Number Theory held in January 1996 to mark the 10th anniversary of the Ramanujan Mathematical Society.
504 _aIncludes bibliographical references.
650 0 _aNumber theory
_xCongresses.
700 1 _aMurty, Vijaya Kumar,
_d1956-
_zMUR
700 1 _aWaldschmidt, Michel,
_d1946-
710 2 _aRamanujan Mathematical Society.
711 2 _aDiscrete Mathematics and Number Theory
_e(Conference :
_d1996 :
_cTiruchirapalli, India)
830 0 _aContemporary mathematics (American Mathematical Society) ;
_vv. 210.
942 _2ddc
_cBOOKS
999 _c1300
_d1300